000 00549nam a2200205Ia 4500
005 20240328095217.0
008 140110s9999 xx 000 0 und d
020 _a9789380199610
_cRs.1795.00
040 _aLoreto College
041 _aEnglish
082 _a515
_bANS
100 _aAnsari,A.A.
245 _aA textbook of advance calculus,vectors and numerical analysis
_cA.A.Ansari...[et.al.]
260 _aNew Delhi
_bWisdom Press
_c2011
300 _av,219p
650 _aCalculus
651 _aAnalysis
850 _aLCLIB
942 _cBK
999 _c37848
_d88327